| 000 | 00000nam##2200000za#4500 |
| 001 | 9.640629 |
| 003 | CaOODSP |
| 005 | 20210624222752 |
| 007 | cr ||||||||||| |
| 008 | 150407|2001||||xxc|||||o f|0| 0 fre|d |
| 040 | |aCaOODSP|bfre |
| 043 | |an-cn--- |
| 086 | 1 |aF2-140/1-2001F-PDF |
| 110 | 1 |aCanada. |bMinistère des finances. |
| 245 | 10|aAvis de motion de voies et moyens visant à modifier la Loi sur la taxe d'accise |h[ressource électronique] |
| 260 | |aOttawa - Ontario : |bFinances Canada |c[2001]. |
| 300 | |a50p. |
| 590 | |a12-38-Supp|b2012-09-27 |
| 691 | 07|aAmendement|2gcpds |
| 691 | 07|aDouanes|2gcpds |
| 775 | 08|tNotice of ways and means motion to amend the Excise Tax Act |w(CaOODSP)9.696517 |
| 776 | 0#|tNotice of ways and means motion to amend the Excise Tax Act / |w(CaOODSP)9.662673 |
| 776 | 0#|tAvis de motion de voies et moyens visant à modifier la Loi sur la taxe d'accise / |w(CaOODSP)9.662674 |
| 856 | 40|ahttp://publications.gc.ca|qPDF|s292 Ko|uhttps://publications.gc.ca/collections/Collection/F2-140-1-2001F.pdf |